|
|
|
|
| LEADER |
00000nas a2200000 a 4500 |
| 001 |
ssj0000398531 |
| 003 |
WaSeSS |
| 005 |
20200512172242.0 |
| 006 |
m d |
| 007 |
cr n |
| 008 |
940106c19929999fr ar ss i0 0eng c |
| 010 |
|
|
|a 95650514
|
| 016 |
|
|
|a (AMICUS)000014376594
|
| 016 |
7 |
|
|a 007847347
|2 Uk
|
| 022 |
|
|
|a 1999-1487
|y 1563-051X
|
| 035 |
|
|
|a (WaSeSS)ssj0000398531
|
| 040 |
|
|
|a COD
|b eng
|c COD
|d DLC
|d WAU
|d MYG
|d IUL
|d GUA
|d IUL
|d SYS
|d GUA
|d NYG
|d CUS
|d OCLCQ
|d GPO
|d MYG
|d OCLCA
|d NLGGC
|d UMC
|d OCLCA
|d UMC
|d OCLCO
|d OCLCQ
|d VVT
|d OCLCF
|d OCLCO
|d I8M
|d OCLCQ
|d CSJ
|d NLC
|d OCLCQ
|d GILDS
|d OCLCO
|d HMG
|d OCL
|d OCLCA
|d UKMGB
|d CANPU
|d CBA
|d OCLCO
|d XFF
|d OCLCO
|d CPO
|d OCLCO
|d GPO
|d WaSeSS
|
| 041 |
0 |
|
|a eng
|a fre
|
| 042 |
|
|
|a pcc
|
| 050 |
0 |
0 |
|a LB2846
|b .E247
|
| 074 |
|
|
|a 0466-A-03
|
| 082 |
0 |
0 |
|a 379.1/54
|2 20
|
| 086 |
0 |
|
|a ED 1.310/2:
|
| 130 |
0 |
|
|a Education at a glance (Paris, France)
|
| 245 |
1 |
0 |
|a Education at a glance
|h [electronic resource] :
|b OECD indicators /
|c Centre for Educational Research and Innovation = Regards sur l'éducation : les indicateurs de l'OCDE / Centre pour la recherche et l'innovation dans l'enseignement.
|
| 246 |
3 |
0 |
|a OECD indicators
|
| 246 |
3 |
1 |
|a Regards sur l'éducation
|
| 260 |
|
|
|a Paris :
|b Organisation for Economic Co-operation and Development,
|c 1992-
|
| 310 |
|
|
|a Annual,
|b <1998->
|
| 321 |
|
|
|a Irregular,
|b 1992-
|
| 362 |
0 |
|
|a 1992-
|
| 506 |
|
|
|a License restrictions may limit access.
|
| 515 |
|
|
|a Issues for <1996-> called also: <4th ed.->
|
| 515 |
|
|
|a Not issued, 1999.
|
| 546 |
|
|
|a English and French, 1992-1995; English only, 1996-<2003>.
|
| 580 |
|
|
|a Data also issued on computer diskette with same title.
|
| 580 |
|
|
|a Also issued in French: Regards sur l'éducation, 1996-
|
| 588 |
|
|
|a Latest issue consulted: 2012 (surrogate).
|
| 650 |
|
0 |
|a Educational indicators
|v Cross-cultural studies
|v Statistics
|v Periodicals.
|
| 650 |
|
0 |
|a Education
|x Evaluation
|x Statistics
|x Cross-cultural studies
|v Periodicals.
|
| 650 |
|
0 |
|a Education
|z OECD countries
|v Statistics
|v Periodicals.
|
| 650 |
1 |
7 |
|a Onderwijsstelsels.
|2 gtt
|
| 650 |
1 |
7 |
|a Onderwijsevaluatie.
|2 gtt
|
| 650 |
|
7 |
|a Education.
|2 fast
|0 (OCoLC)fst00902499
|
| 650 |
|
7 |
|a Educational indicators.
|2 fast
|0 (OCoLC)fst00903479
|
| 650 |
|
6 |
|a Indicateurs éducationnels
|x Etudes transculturelles
|v Statistiques
|v Périodiques.
|
| 650 |
|
6 |
|a Éducation
|x Evaluation
|x Statistiques
|x Etudes transculturelles
|v Périodiques.
|
| 651 |
|
7 |
|a OECD countries.
|2 fast
|0 (OCoLC)fst01277092
|
| 655 |
|
0 |
|a Electronic journals.
|
| 710 |
2 |
|
|a Organisation for Economic Co-operation and Development.
|
| 710 |
2 |
|
|a Centre for Educational Research and Innovation.
|
| 775 |
0 |
|
|t Regards sur l'éducation
|
| 776 |
1 |
|
|c Microfiche
|d Supt. of Docs., U.S.G.P.O.
|w (DLC) 2004230747
|w (OCoLC)46763332
|
| 787 |
1 |
|
|t Education at a glance (Paris, France : Diskette)
|w (DLC)sn 95043462
|w (OCoLC)32800475
|
| 787 |
0 |
8 |
|i Data also available in:
|t Education at a glance (Paris, France). Analysis
|g 1996
|w (DLC)sn 97046081
|w (OCoLC)36128324
|
| 787 |
0 |
8 |
|i Data also available in:
|t Education policy analysis
|g 1997-
|w (DLC) 98664179
|w (OCoLC)38196663
|
| 850 |
|
|
|a DLC
|a GU
|a InU
|a N
|a WaU
|
| 853 |
3 |
3 |
|8 1
|a (year)
|w x
|
| 856 |
4 |
0 |
|z Full text available from Research Library: 01/01/2012 to 6 months ago
|u https://search.proquest.com/publication/2026427
|
| 863 |
4 |
0 |
|8 1.1
|a <1992>
|